00654nam a2200169 a 450000100100000000500170001000800410002704000250006808200160009311000630010924500520017226000930022430000270031704900090034495201140035399900170046700003112020200930062722.0110613s1995 dr a 000 0 spa d aDO-SdBNPbspacBNPHU axxxxbR426m1 aRepública Dominicana.bVeterinarios sin Fronteras95758710aManual de crianza y enfermedades de los cerdos. aSanto Domingo :bCentro de Solidaridad para el Desarrollo de la Mujer (Ce-Mujer),c1995. a28 p. :bil. ;c27 cm. aBNPD 0010718PDaPDbPDcCTd2011-06-13iLF1l0oxxxx R426mp31120-10r2020-06-25w2020-06-25yLFPDZNo se presta c30612d30612